000 00526nam a2200169Ia 4500
003 GCL
008 140319s9999 xx 000 0 ara d
040 _aGCL /
_cGCL
082 0 4 _a953
_bع د
100 1 _aعبدالحليم عويس
245 1 0 _aدراسة لسقوط ثلاثين دولة اسلامية /
_cعبدالحليم عويس
260 _a[S.N] :
_bدار الصحوه للنشر والتوزيع ،
_c1992
300 _a223 ص
490 _a
650 0 4 _aالتاريخ الاسلامى
942 _2ddc
_cBK
999 _c33766
_d33766